01872nam a22002657a 4500008004500000020001800045082001500063110003000078245008600108250001100194260006300205300002000268500030300288505075100591653002601342653002701368653002701395653003901422653002601461653002201487653002001509653002001529653003001549700002701579170114s2015 xxu||||| |||| 00| 0 spa d a978069253977404a707bD536d1 aDialogicCENTRALsolutions.10aDialogicCENTRALsolutions /ccuraduría por Roc Lesaca ; ArtCenter/South Florida. a1a ed. aFlorida, Estados Unidos :bArtCenter/South Florida,c2015. a7 volúmenes.  aAdicional a la publicación de esta serie, el programa DialogicCENTRALsolutions presentó el simposio "Central What? Central America!", sobre la práctica del arte contemporáneo en la región, así como una exhibición y performance a cargo de la artista guatemalteca Regina José Galindo.0 tEl sueño de ser Centroamérica (o el amor a la vida) / The dream of beign Central America (or the love of live)rMarvi Véliz.t/rRegina José Galindo.tContemporary El Salvador speaks / El Salvador contempóraneo habla /rClaire Breukel.tPanawhat? en busca de la identidad panameña / Panawhat? in search of the panamanian identityrDarién Montañez.tFOCA especulación sobre las nuevas direcciones de la fotográfia Centroamericana / Speculation on new directions in Central American photography /rWalterio Iraheta.tAnti-postales de Miami what? / Antipostcards of Miami what?rRosina Cazali.tTEOR/ética: la persistencia de un lugar en proceso / TEOR/ética: the persistence of a place in process /rGabriela Saénz-Shelby.10aArte contemporáneo 10aArte - Centroamérica10aArte - Investigación10aArte - Crítica e investigación10aIdentidad artística10aArte - Costa Rica10aArte - Salvador10aArte - Panamá10aArtistas centroamericanos1 aLesaca, Roc.ecurador.